[Event "ICS rated bullet match"]
[Site "204.178.125.65"]
[Date "1999.08.16"]
[Round "?"]
[White "Hossa"]
[Black "TheBorg"]
[Result "0-1"]
[WhiteElo "2325"]
[BlackElo "2250"]
[PlyCount "96"]
[EventDate "1999.??.??"]

1. d4 Nf6 2. c4 e6 3. Nc3 Bb4 4. Bg5 c5 5. d5 d6 6. e4 O-O 7. Bd3 exd5 8. cxd5
h6 9. Bd2 Nbd7 10. Nge2 Ne5 11. Bf4 Nxd3+ 12. Qxd3 Re8 13. O-O Qe7 14. f3 Bd7
15. Rac1 Rac8 16. Rc2 c4 17. Qe3 Nh5 18. Qc1 Nxf4 19. Qxf4 Bc5+ 20. Kh1 b5 21.
Ng3 Qe5 22. Nce2 Qxf4 23. Nxf4 b4 24. Re1 Bd4 25. Nfe2 Bf2 26. Rec1 Be3 27. Rb1
c3 28. Nf1 Bg5 29. bxc3 Ba4 30. Rcb2 bxc3 31. Rb4 Bc2 32. Re1 Bd2 33. Ra1 Bd3
34. Nfg3 c2 35. Rb7 Rb8 36. Rb3 Bc4 37. Nf1 Bg5 38. Rxb8 Rxb8 39. Nc3 Bxf1 40.
Rxf1 Bd2 41. Ne2 Rb1 42. Rg1 Be3 43. h4 Rxg1+ 44. Nxg1 c1=Q 45. Kh2 Qxg1+ 46.
Kh3 Bf2 47. a3 h5 48. e5 48... Qh1# {Hossa checkmated} 0-1

[Event "ICS rated blitz match"]
[Site "204.178.125.65"]
[Date "1999.08.16"]
[Round "?"]
[White "Hossa"]
[Black "bookbuilder"]
[Result "0-1"]
[WhiteElo "2354"]
[BlackElo "2746"]
[PlyCount "96"]
[EventDate "1999.??.??"]

1. g3 d5 2. d4 Bg4 3. f3 Bd7 4. e4 dxe4 5. fxe4 Nc6 6. d5 Ne5 7. Bg2 Nf6 8. Nf3
Nxf3+ 9. Qxf3 e5 10. Be3 Bb4+ 11. c3 Be7 12. O-O O-O 13. Nd2 Ng4 14. Qe2 Nxe3
15. Qxe3 a5 16. Nc4 b6 17. Qd3 Bc5+ 18. Kh1 Qg5 19. Rae1 a4 20. Ne3 Rad8 21. c4
b5 22. cxb5 Rb8 23. Nc4 Rxb5 24. Qf3 Bd4 25. Qa3 Rc5 26. Ne3 Rb8 27. Nf5 Bxf5
28. Rxf5 Qd2 29. Rb1 Be3 30. Rff1 Rc2 31. Rg1 Bxg1 32. Rxg1 Rb4 33. b3 Rxa2 34.
Qc1 Qxc1 35. Rxc1 axb3 36. Bf1 b2 37. Rb1 Ra1 38. Bd3 Rxb1+ 39. Bxb1 Rd4 40.
Kg2 Rd1 41. Ba2 Ra1 42. Bc4 b1=Q 43. Kh3 Qxe4 44. Bb5 Qf5+ 45. g4 Ra3+ 46. Bd3
Rxd3+ 47. Kg2 Qf3+ 48. Kg1 48... Rd1# {Hossa checkmated} 0-1

[Event "ICS rated blitz match"]
[Site "204.178.125.65"]
[Date "1999.08.16"]
[Round "?"]
[White "philby"]
[Black "Hossa"]
[Result "1/2-1/2"]
[WhiteElo "2021"]
[BlackElo "2351"]
[PlyCount "156"]
[EventDate "1999.??.??"]

1. d3 Nf6 2. e4 d6 3. Nc3 e5 4. Bg5 Be7 5. d4 O-O 6. Nf3 exd4 7. Qxd4 Ng4 8.
Bxe7 Qxe7 9. Nd5 Qd8 10. h3 Nc6 11. Qc3 Nh6 12. Bb5 f5 13. Bxc6 bxc6 14. Qxc6
Rb8 15. b3 fxe4 16. Nd2 Bb7 17. Qc4 Nf7 18. Rd1 c6 19. Ne3 d5 20. Qd4 Qb6 21.
Nf5 Qxd4 22. Nxd4 Ne5 23. Ne6 Rf6 24. Nc5 Bc8 25. a4 Bf5 26. Nf1 a5 27. Ne3 Nd7
28. Nxd7 Bxd7 29. Rd2 h5 30. Ke2 Rbf8 31. Nd1 Be6 32. Re1 c5 33. Kf1 g5 34. Re3
h4 35. Nb2 Rb8 36. Ke2 c4 37. Nd1 cxb3 38. cxb3 Rff8 39. Nc3 Rfd8 40. Nb5 Rdc8
41. f3 exf3+ 42. Kxf3 Bd7 43. Nd4 Rb4 44. Re7 Rf8+ 45. Ke3 Rb7 46. Rc2 Rfb8 47.
Rc5 Kf8 48. Re5 Rxb3+ 49. Nxb3 Rxb3+ 50. Kd4 Bxa4 51. Kxd5 Rb2 52. Rxa5 Bb3+
53. Kd4 Rxg2 54. Rxg5 Rxg5 55. Rxg5 Be6 56. Rh5 Bxh3 57. Rxh4 Be6 58. Ke5 Ke7
59. Ra4 Bb3 60. Ra7+ Ke8 61. Kd6 Bc4 62. Re7+ Kf8 63. Rc7 Bd3 64. Ke6 Be4 65.
Kf6 Kg8 66. Rg7+ Kh8 67. Re7 Bf3 68. Kg6 Bd5 69. Rh7+ Kg8 70. Rg7+ Kf8 71. Kf6
Ke8 72. Re7+ Kd8 73. Ra7 Be4 74. Ke6 Bf3 75. Rd7+ Ke8 76. Re7+ Kd8 77. Rd7+ Ke8
78. Re7+ 78... Kd8 {Game drawn by mutual agreement} 1/2-1/2

[Event "ICS rated blitz match"]
[Site "204.178.125.65"]
[Date "1999.08.16"]
[Round "?"]
[White "Hossa"]
[Black "bahuba"]
[Result "1-0"]
[WhiteElo "2339"]
[BlackElo "2022"]
[PlyCount "21"]
[EventDate "1999.??.??"]

1. d4 d5 2. c4 dxc4 3. e4 e6 4. Nc3 c6 5. Bxc4 c5 6. Be3 cxd4 7. Qxd4 Qxd4 8.
Bxd4 Nc6 9. Bb5 Bd7 10. Rd1 Bb4 11. Bxg7 {bahuba resigns} 1-0

[Event "ICS rated blitz match"]
[Site "204.178.125.65"]
[Date "1999.08.16"]
[Round "?"]
[White "bahuba"]
[Black "Hossa"]
[Result "0-1"]
[WhiteElo "2018"]
[BlackElo "2343"]
[PlyCount "118"]
[EventDate "1999.??.??"]

1. d4 Nf6 2. Bf4 e6 3. h3 d5 4. e3 c5 5. Nf3 cxd4 6. exd4 Qb6 7. Qc1 Bd7 8. Bd3
Bb5 9. Bxb5+ Qxb5 10. c3 Nc6 11. Qc2 Be7 12. Qe2 Qxe2+ 13. Kxe2 Nh5 14. Bh2 O-O
15. Nbd2 b5 16. a3 a5 17. Ne5 Nxe5 18. Bxe5 Rfc8 19. Rhc1 a4 20. Nf3 f6 21. Bh2
g5 22. Re1 Ng7 23. Kd3 h5 24. Nd2 Ra6 25. f4 Bd6 26. g3 gxf4 27. gxf4 Kf7 28.
Re2 Rac6 29. Nf3 Nf5 30. Rg2 Rg8 31. Rag1 Rcc8 32. Ne1 Rxg2 33. Rxg2 Rg8 34.
Rxg8 Kxg8 35. Nc2 Kf7 36. Ne3 Kg6 37. Nxf5 Kxf5 38. Ke3 Bc7 39. Bg3 Bd8 40. Kf3
Be7 41. Bh4 Bd6 42. Bg3 Bb8 43. Ke3 h4 44. Bh2 Bc7 45. Kf3 Bd6 46. Ke3 Bf8 47.
Kf3 Bh6 48. Ke3 e5 49. dxe5 fxe5 50. Kd3 Bxf4 51. Bg1 Bg5 52. Kc2 Ke4 53. b3
Kf3 54. bxa4 bxa4 55. c4 d4 56. c5 Ke2 57. c6 d3+ 58. Kb2 Bd8 59. Bh2 59... Bc7
{bahuba resigns} 0-1

[Event "ICS rated blitz match"]
[Site "204.178.125.65"]
[Date "1999.08.16"]
[Round "?"]
[White "Hossa"]
[Black "bahuba"]
[Result "1-0"]
[WhiteElo "2347"]
[BlackElo "2014"]
[PlyCount "25"]
[EventDate "1999.??.??"]

1. d4 d5 2. c4 dxc4 3. e4 e6 4. Nc3 c5 5. d5 exd5 6. Qxd5 Nf6 7. Qxd8+ Kxd8 8.
Bxc4 Be6 9. Bxe6 fxe6 10. Bg5 Bd6 11. O-O-O Ke7 12. Nb5 Rd8 13. Rxd6 {
bahuba resigns} 1-0

[Event "ICS rated blitz match"]
[Site "204.178.125.65"]
[Date "1999.08.16"]
[Round "?"]
[White "Hossa"]
[Black "gallati"]
[Result "1-0"]
[WhiteElo "2351"]
[BlackElo "2046"]
[PlyCount "107"]
[EventDate "1999.??.??"]

1. d4 Nf6 2. c4 g6 3. Nc3 Bg7 4. e4 O-O 5. Bg5 d6 6. f3 h6 7. Be3 c5 8. dxc5
dxc5 9. Bxc5 Nc6 10. Qxd8 Rxd8 11. Nge2 Nd7 12. Be3 Nde5 13. Nf4 Nb4 14. Rc1
Be6 15. Ncd5 Bxd5 16. cxd5 g5 17. Bd2 Nxa2 18. Ra1 gxf4 19. Rxa2 Ng6 20. g3 Be5
21. Rg1 Kh7 22. Kd1 a6 23. gxf4 Bxf4 24. Rxg6 Bxd2 25. Rb6 Bf4 26. Rxb7 Re8 27.
h3 a5 28. Bb5 Rg8 29. Rxe7 Rg1+ 30. Kc2 Kg6 31. Re8 Rxe8 32. Bxe8 Rg2+ 33. Kd1
Rg1+ 34. Ke2 Rg2+ 35. Ke1 Rg1+ 36. Kf2 Rb1 37. Bb5 f5 38. exf5+ Kf6 39. Bd3 Be5
40. Bxb1 Bd4+ 41. Ke2 Bb6 42. b4 Ke5 43. bxa5 Ba7 44. Be4 Bc5 45. Kd3 Ba7 46.
Re2 h5 47. Kc4 h4 48. Bd3+ Kd6 49. f6 Be3 50. Rxe3 Kc7 51. Kc5 Kb7 52. Re7+ Ka8
53. f7 Kb8 54. f8=Q# {gallati checkmated} 1-0

[Event "ICS rated blitz match"]
[Site "204.178.125.65"]
[Date "1999.08.16"]
[Round "?"]
[White "gallati"]
[Black "Hossa"]
[Result "0-1"]
[WhiteElo "2041"]
[BlackElo "2356"]
[PlyCount "64"]
[EventDate "1999.??.??"]

1. e4 e5 2. d4 exd4 3. Nf3 Bb4+ 4. c3 dxc3 5. Nxc3 Bxc3+ 6. bxc3 Ne7 7. Bc4 O-O
8. O-O d6 9. h3 Be6 10. Bd3 Qd7 11. a4 Bxh3 12. gxh3 Qxh3 13. Nh2 Nbc6 14. Qf3
Qe6 15. Bf4 Ne5 16. Bxe5 Qxe5 17. Ng4 Qg5 18. Qg3 f5 19. Ne3 Qh6 20. Nxf5 Nxf5
21. exf5 Rad8 22. Kg2 Qf6 23. Rh1 Qxc3 24. Rh3 Qxa1 25. Bc4+ d5 26. Bd3 Qxa4
27. Qxc7 Rd7 28. Qe5 Kh8 29. f6 gxf6 30. Qe6 Rg7+ 31. Kh2 Qf4+ 32. Rg3 32...
Qxf2+ {gallati resigns} 0-1

[Event "ICS rated blitz match"]
[Site "204.178.125.65"]
[Date "1999.08.16"]
[Round "?"]
[White "Hossa"]
[Black "gallati"]
[Result "1-0"]
[WhiteElo "2360"]
[BlackElo "2037"]
[PlyCount "39"]
[EventDate "1999.??.??"]

1. d4 Nf6 2. c4 g6 3. Nc3 Bg7 4. e4 O-O 5. Bg5 d6 6. f3 h6 7. Be3 c5 8. dxc5
dxc5 9. Bxc5 Nc6 10. Qxd8 Rxd8 11. Nge2 Nd7 12. Be3 Nde5 13. Nf4 Nb4 14. Rc1 g5
15. Bc5 Nbc6 16. Nfd5 e6 17. Nc7 Rb8 18. Be2 b6 19. Be3 Ba6 20. Nxa6 {
gallati resigns} 1-0

[Event "ICS Rated blitz match"]
[Site "204.178.125.65"]
[Date "1999.08.16"]
[Round "?"]
[White "Lundbotanmats"]
[Black "Hossa"]
[Result "1/2-1/2"]
[WhiteElo "2080"]
[BlackElo "2364"]
[PlyCount "110"]
[EventDate "1999.??.??"]

1. c4 e6 2. Nc3 d5 3. cxd5 exd5 4. d4 Bb4 5. g3 c5 6. Bg2 Be6 7. Nf3 Qa5 8. Bd2
cxd4 9. Nxd4 Qb6 10. Nxe6 fxe6 11. O-O Nf6 12. a3 Bxc3 13. Bxc3 O-O 14. e4 Nxe4
15. Bxe4 dxe4 16. Qe2 Nd7 17. Qxe4 Rac8 18. Rae1 Rc6 19. Qg4 Rf7 20. Re3 Nf6
21. Bxf6 Rxf6 22. b4 Rc2 23. Re2 Rc3 24. Ra2 Rcf3 25. Qe4 Rf7 26. Kg2 a5 27.
bxa5 Qxa5 28. a4 Qd5 29. Qxd5 exd5 30. Rd2 Ra3 31. Rd4 Kf8 32. f4 Re7 33. Rfd1
Re2+ 34. Kh3 Raa2 35. Rxd5 Rxa4 36. Rd8+ Kf7 37. R1d7+ Re7 38. Kg4 b5 39. Rxe7+
Kxe7 40. Rb8 b4 41. h4 Ke6 42. h5 Kf7 43. Kh4 h6 44. g4 Ke7 45. g5 Ke6 46. gxh6
gxh6 47. Kg4 Kf7 48. Rb7+ Kg8 49. Kf5 Ra5+ 50. Kg6 Ra6+ 51. Kf5 Ra5+ 52. Kg6
Ra6+ 53. Kf5 Ra5+ 54. Kg4 Ra4 55. Kf5 55... Ra5+ {Game drawn by repetition}
1/2-1/2

[Event "ICS Rated blitz match"]
[Site "204.178.125.65"]
[Date "1999.08.16"]
[Round "?"]
[White "corruptor"]
[Black "Hossa"]
[Result "1/2-1/2"]
[WhiteElo "2695"]
[BlackElo "2353"]
[PlyCount "194"]
[EventDate "1999.??.??"]

1. e4 e5 2. Nf3 Nf6 3. Nxe5 d6 4. Nf3 Nxe4 5. d4 d5 6. Bd3 Bd6 7. O-O O-O 8. c4
Re8 9. cxd5 Nd7 10. Nc3 f5 11. Re1 Ndf6 12. Bc4 Ng4 13. Nxe4 fxe4 14. Bg5 Bxh2+
15. Nxh2 Qxg5 16. Qa4 Nf6 17. d6+ Kh8 18. dxc7 Qf4 19. Rac1 e3 20. fxe3 Rxe3
21. Bf7 Bh3 22. Rf1 Qg5 23. Qc2 Rc8 24. Nf3 Rxf3 25. Rxf3 Rxc7 26. Rxh3 Qxc1+
27. Qxc1 Rxc1+ 28. Kh2 Rd1 29. Rc3 g6 30. Rc7 Rxd4 31. Rxb7 Rd7 32. Rxd7 Nxd7
33. Be6 Nb6 34. Kg3 Kg7 35. Kf4 Kf6 36. Bb3 h5 37. Ke4 g5 38. a4 Nc8 39. Bd1
Nd6+ 40. Kd3 g4 41. Kd4 a5 42. Kc5 Nf5 43. Bc2 h4 44. b4 Ke5 45. Bb3 axb4 46.
a5 h3 47. gxh3 gxh3 48. a6 h2 49. Bd5 Ne7 50. Bg2 Nc8 51. Kxb4 Kf4 52. Kc5 Kg3
53. Be4 Kf2 54. Kc6 Ke3 55. Bh1 Kd2 56. Kb7 Nd6+ 57. Kc7 Nb5+ 58. Kc6 Na7+ 59.
Kb6 Nc8+ 60. Kc7 Na7 61. Kb7 Nb5 62. Kb6 Nd6 63. Bd5 Nc8+ 64. Kc7 Na7 65. Kb7
Nb5 66. Kb6 Nd6 67. Kc6 Nc8 68. Bg2 Ke2 69. Kb7 Nd6+ 70. Kc7 Nb5+ 71. Kc6 Na7+
72. Kb6 Nc8+ 73. Kc7 Na7 74. Be4 Ke3 75. Bd5 Kd4 76. Bh1 Kc5 77. Kb7 Nb5 78. a7
Nxa7 79. Kxa7 Kd4 80. Kb8 Ke3 81. Bd5 Kf2 82. Ba8 Kg1 83. Kc8 Kf2 84. Bb7 Kg1
85. Kd8 Kf2 86. Ba8 Kg1 87. Ke7 Kf2 88. Bb7 Kg1 89. Kf8 Kf2 90. Ba8 Kg1 91. Kg8
Kf2 92. Bb7 Kg1 93. Kh8 Kf2 94. Ba8 Kg1 95. Kg8 Kf2 96. Bb7 Kg1 97. Ba8 97...
Kf2 {Game drawn by repetition} 1/2-1/2

[Event "ICS rated blitz match"]
[Site "204.178.125.65"]
[Date "1999.08.16"]
[Round "?"]
[White "Hossa"]
[Black "corruptor"]
[Result "0-1"]
[WhiteElo "2365"]
[BlackElo "2683"]
[Annotator "saj"]
[PlyCount "85"]
[EventDate "1999.??.??"]

1. c4 Nf6 2. Nc3 e6 3. d4 Bb4 4. Bg5 h6 5. Bxf6 Qxf6 6. a3 ({RR} 6. e3 6... c5
7. Nge2 ({RR} 7. Rc1 7... O-O 8. a3 Ba5 9. dxc5 Bxc3+ 10. Rxc3 Na6 11. Qd4 Qf5
12. b4 b6 13. cxb6 Bb7 14. Ne2 axb6 15. Ng3 Qb1+ 16. Qd1 Qg6 17. Qd4 Nxb4 18.
axb4 Ra1+ 19. Kd2 Ra2+ 20. Kd1 Qb1+ 21. Rc1 Qb3+ 22. Ke1 22... Qxb4+ {
- Weissbeck,W-Nigl,A/Kassel 1998/EXT 99 (22)}) 7... Nc6 8. dxc5 Bxc5 9. a3 Be7
10. Nf4 O-O 11. Be2 b6 12. O-O Rd8 13. Bf3 Bb7 14. Rc1 Rac8 15. Qa4 a6 16. Rfd1
Qe5 17. b4 Qb8 18. Nd3 d6 19. Qb3 Rc7 20. Rc2 20... Rdc8 {
Gonzales,J-Urday,H/Capablanca mem-A 1992/CBM 29 ext/0-1 (42)}) 6... Bxc3+ 7.
bxc3 O-O 8. e4 $146 ({RR} 8. e3 8... d6 9. g3 e5 10. Bg2 c5 11. Ne2 Nc6 12. h3
Qe7 13. O-O e4 14. Nf4 Bf5 15. Rb1 Bh7 16. Nd5 Qd7 17. Rb5 Rad8 18. Qb1 b6 19.
Bxe4 Bxe4 20. Qxe4 Rfe8 21. Qd3 Qxh3 22. Rd1 22... Qg4 {
Schalow,D-Racherbaeumer,M/Schloa 1996/EXT 99/0-1 (55)}) 8... d6 9. Bd3 c5 10.
Qf3 Qg5 11. Nh3 Qh4 12. g3 Qd8 13. Nf4 cxd4 14. cxd4 Qa5+ 15. Kf1 Qc3 16. Kg2
Qxd4 17. Rhd1 Nc6 18. Bf1 Qc5 19. Kg1 Ne5 20. Qh5 Bd7 21. Ra2 Ba4 22. Rb1 Bc6
23. Qe2 Qd4 24. Rd1 Qxe4 25. Qxe4 Bxe4 26. Rxd6 Rad8 27. Rxd8 Rxd8 28. Re2 Nf3+
29. Kg2 Nd2+ 30. Kg1 g5 31. Nh3 Nf3+ 32. Kg2 Bc6 33. Re3 g4 34. Nf4 Rd1 35. Rd3
Nxh2+ 36. Kxh2 Rxf1 37. Nd5 exd5 38. cxd5 Rxf2+ 39. Kg1 Bb5 40. Rb3 Rf1+ 41.
Kg2 Ba6 42. Rb4 f5 43. Rd4 {Hossa resigns} 0-1

[Event "ICS rated blitz match"]
[Site "204.178.125.65"]
[Date "1999.08.16"]
[Round "?"]
[White "corruptor"]
[Black "Hossa"]
[Result "1/2-1/2"]
[WhiteElo "2687"]
[BlackElo "2361"]
[PlyCount "151"]
[EventDate "1999.??.??"]

1. e4 e5 2. Nf3 Nc6 3. Bb5 a6 4. Ba4 b5 5. Bb3 Bc5 6. c3 Nf6 7. O-O Nxe4 8. d4
exd4 9. cxd4 Be7 10. d5 Na5 11. Re1 Nxb3 12. Qxb3 Nd6 13. Qe3 f6 14. Nc3 Bb7
15. Bd2 b4 16. Nd1 a5 17. Qd3 O-O 18. a3 Re8 19. axb4 axb4 20. Ne3 Rxa1 21.
Rxa1 Nc8 22. Qb3 Bc5 23. Bxb4 Bxb4 24. Qxb4 Nb6 25. Qd4 Re7 26. b4 Qf8 27. Qd3
Rf7 28. Ra7 Qb8 29. Ra5 Re7 30. Nf5 Re8 31. Qd4 Kh8 32. Nd6 Re2 33. Qd3 Re7 34.
Nxb7 Qxb7 35. d6 cxd6 36. Qxd6 Re8 37. Rc5 Qa8 38. Rc1 Re6 39. Qd2 d5 40. Nd4
Re5 41. Qd3 Qe8 42. b5 Re1+ 43. Rxe1 Qxe1+ 44. Qf1 Qe4 45. Qd1 Kg8 46. h3 f5
47. g4 fxg4 48. Qxg4 Qe5 49. Nc6 Qf6 50. Qd4 Qxd4 51. Nxd4 Kf7 52. f4 Ke7 53.
Kf2 Nc4 54. Nf5+ Kf6 55. Ne3 Ke6 56. Nxc4 dxc4 57. b6 Kd7 58. Ke3 c3 59. Kd3
Kc6 60. Kxc3 Kxb6 61. Kd4 Kc6 62. Ke5 Kd7 63. h4 Ke7 64. h5 Kf7 65. Kf5 Kf8 66.
Ke6 Ke8 67. f5 Kf8 68. Ke5 Kf7 69. Kf4 Kf6 70. h6 Kf7 71. hxg7 Kxg7 72. f6+
Kxf6 73. Kg3 h5 74. Kh3 Ke5 75. Kh4 Kd5 76. Kxh5 {
Game drawn because neither player has mating material} 1/2-1/2

[Event "ICS rated blitz match"]
[Site "204.178.125.65"]
[Date "1999.08.16"]
[Round "?"]
[White "Hossa"]
[Black "corruptor"]
[Result "1/2-1/2"]
[WhiteElo "2373"]
[BlackElo "2675"]
[PlyCount "173"]
[EventDate "1999.??.??"]

1. d4 d5 2. c4 dxc4 3. Nf3 Nf6 4. e3 e6 5. Bxc4 c5 6. O-O a6 7. Qe2 b5 8. Bd3
cxd4 9. exd4 Be7 10. Be3 O-O 11. Rc1 Bb7 12. Ne5 Nd5 13. Qh5 f5 14. Qe2 Nb4 15.
a3 Qd5 16. Nf3 Nxd3 17. Qxd3 Nc6 18. Nc3 Qd7 19. Qd2 Rac8 20. Ne2 a5 21. Bg5
Bd6 22. Bf4 Be7 23. Ne5 Nxe5 24. Bxe5 a4 25. Qe3 Rfd8 26. Rxc8 Rxc8 27. Nc3 Qc6
28. Qg3 Bf8 29. Qg5 Qd7 30. Rc1 Bc6 31. Na2 Be4 32. Rxc8 Qxc8 33. Nc3 Bd3 34.
Kh1 Qc4 35. Qd8 Bc2 36. Kg1 Qc6 37. Qb8 Be4 38. Qxb5 Qxb5 39. Nxb5 Be7 40. Nc7
Kf7 41. Na6 g5 42. f3 Bc6 43. Kf2 h5 44. Nb4 Bxb4 45. axb4 f4 46. Kf1 Kg6 47.
h3 Bb5+ 48. Ke1 Kf5 49. Kf2 Bd3 50. Kg1 Bb5 51. Bh8 Kg6 52. Kh1 Kf5 53. Kh2 g4
54. Kg1 gxf3 55. gxf3 Kg5 56. Kf2 Kh4 57. Kg2 Kg5 58. h4+ Kf5 59. Be5 Be2 60.
Bc7 Bb5 61. Bd6 Bd7 62. Kf2 Bc6 63. Be5 Bd7 64. Bh8 Kg6 65. Kg2 Kf5 66. Bg7 Bb5
67. Kf2 Bc6 68. Bf8 Bb5 69. Bc5 Bd3 70. Bd6 Bb5 71. Bb8 Be8 72. Ba7 Bb5 73. Bb6
Bc4 74. Bc7 Bb5 75. Ke1 Bc6 76. Ke2 Bb5+ 77. Kf2 Bc6 78. Bb6 Be8 79. Bc5 Bc6
80. Be7 Bd7 81. Bg5 Be8 82. Ke2 Bb5+ 83. Ke1 Bc6 84. Ke2 Bb5+ 85. Ke1 Bc6 86.
Ke2 Bb5+ 87. Ke1 {Game drawn by repetition} 1/2-1/2

[Event "ICS rated blitz match"]
[Site "204.178.125.65"]
[Date "1999.08.16"]
[Round "?"]
[White "matar"]
[Black "Hossa"]
[Result "0-1"]
[WhiteElo "2211"]
[BlackElo "2384"]
[PlyCount "43"]
[EventDate "1999.??.??"]

1. e4 e5 2. Nf3 Nc6 3. Bb5 a6 4. Ba4 b5 5. Bb3 Bc5 6. c3 Nf6 7. d4 exd4 8. cxd4
Bb4+ 9. Nc3 Nxe4 10. O-O Bxc3 11. bxc3 O-O 12. Re1 Nxc3 13. Qd3 Nxa2 14. Bxa2
Nb4 15. Qb1 Nxa2 16. Rxa2 Re8 17. Rae2 Rxe2 18. Rxe2 d5 19. Ng5 g6 20. h3 Bf5
21. g4 Bxb1 22. Bf4 {matar resigns} 0-1

[Event "ICS rated blitz match"]
[Site "204.178.125.65"]
[Date "1999.08.16"]
[Round "?"]
[White "Hossa"]
[Black "matar"]
[Result "1-0"]
[WhiteElo "2393"]
[BlackElo "2202"]
[Annotator "saj"]
[PlyCount "59"]
[EventDate "1999.??.??"]

1. e4 {. . Ribli} 1... c5 2. Nf3 e6 3. d4 cxd4 4. Nxd4 a6 5. Bd3 Qc7 6. Nc3 Nf6
7. Bg5 Be7 8. Nde2 $146 ({RR} 8. f4 8... h6 ({RR} 8... d6 9. Nf3 Nc6 ({RR} 9...
Nbd7 10. Qe2 h6 11. Bh4 e5 12. fxe5 dxe5 13. O-O-O O-O 14. g4 Bb4 15. Nd5 Nxd5
16. exd5 Bd6 17. g5 h5 18. g6 Nc5 19. Ng5 Nxd3+ 20. Qxd3 fxg6 21. Ne6 Bxe6 22.
dxe6 Rac8 23. Qxg6 Rf4 24. Bg5 {
Stocek,J-Movsesian,S/CZE-chT 9596 1996/EXT 98/ - (61)}) 10. Qe2 h6 11. Bh4 Nh5
12. Qd2 Nxf4 ({RR} 12... Bxh4+ 13. Nxh4 Nf6 14. O-O-O b5 15. Bxb5 axb5 16. Nxb5
Qb8 17. Nxd6+ Ke7 18. Kb1 Rd8 19. e5 Ne4 20. Qe3 Nxd6 21. exd6+ Kf8 22. Qe4
Rxd6 23. Qh7 Ne7 24. Rhe1 Ra4 25. g3 Bb7 26. f5 Be4 27. Qh8+ Ng8 28. fxe6 Rxe6
29. Rxe4 Raxe4 30. Nf5 Rg6 31. b3 31... Qe8 {
0-1 Hartmann,G-Bischoff,K/BL8788 1988/GER-chT (31)}) 13. Qxf4 g5 14. Nxg5 hxg5
15. Bxg5 Ne5 16. Bf6 Rg8 17. O-O-O Rxg2 18. Rdg1 Ng6 19. Qf3 Rxg1+ 20. Rxg1
Bxf6 21. Qxf6 Qe7 22. e5 dxe5 23. Qg7 Bd7 24. Bxg6 fxg6 25. Qg8+ Qf8 26. Qxg6+
Qf7 27. Qg8+ Qf8 28. Qg6+ Qf7 29. Qg5 {
1-0 Ehlvest,J-Eingorn,V/Zagreb 1987/CBM 04/[Ribli] (29)}) 9. Bxf6 Bxf6 10. e5
Bh4+ 11. g3 Be7 12. Qg4 Bf8 13. O-O-O b5 14. Ne4 h5 15. Qg5 Rh6 16. Nd6+ Bxd6
17. exd6 Qxd6 18. Be4 {1-0 Forgacs,G-Timmer,R/Bern 1989/EXT 97 (18)}) 8... Nc6
9. Qd2 d6 10. O-O-O b5 11. f3 Bd7 12. Nf4 b4 13. Bxf6 Bxf6 14. Nce2 a5 15. Nh5
a4 16. Bb5 Be7 17. Nxg7+ Kd8 18. Bxc6 Bxc6 19. Nd4 Bd7 20. Kb1 Rg8 21. Qh6 a3
22. Qxh7 Rf8 23. bxa3 bxa3 24. Rd3 Bf6 25. Rhd1 Rb8+ 26. Nb3 Ke7 27. Rxd6 Ba4
28. Rxe6+ fxe6 29. Nf5+ Ke8 30. Qxc7 {matar resigns} 1-0

[Event "ICS rated blitz match"]
[Site "204.178.125.65"]
[Date "1999.08.17"]
[Round "?"]
[White "Hossa"]
[Black "matar"]
[Result "1-0"]
[WhiteElo "2408"]
[BlackElo "2187"]
[Annotator "saj"]
[PlyCount "57"]
[EventDate "1999.??.??"]

1. e4 c5 2. Nf3 e6 3. d4 cxd4 4. Nxd4 a6 5. Bd3 Nf6 6. O-O Qc7 7. Bg5 ({RR} 7.
Re1 7... d6 8. c4 Be7 9. Nc3 O-O 10. Be3 Nbd7 11. Rc1 Ne5 12. Be2 Re8 13. b3 b6
14. f4 Ng6 15. Bd3 Bb7 16. Qf3 Nd7 17. Bb1 Bf6 18. Nde2 Rac8 19. Qh3 Nc5 20. b4
Nd7 21. Nd1 21... Qb8 {Aseev,K-Chuchelov,V/Wuerzburg 1992/EXT 97/ - (36)}) ({RR
} 7. b3 7... g6 8. Nd2 d6 9. a4 Bg7 10. Bb2 O-O 11. Qe2 Nh5 12. Qe3 Nd7 13. c4
e5 14. Ne2 Nf4 15. Bc2 Nf6 16. Nxf4 exf4 17. Qf3 Qa5 18. Bc3 Qg5 19. Qd3 Bg4
20. h3 Bh5 21. Bd1 21... Rad8 {Timman,J-Rohl,J/Elista 1998/CBM 66 ext/1-0 (46)}
) 7... Be7 8. Nc3 8... d6 $146 ({RR} 8... b6 9. Qe1 Qc5 10. Nf3 h6 11. Be3 Qc7
12. h3 Nc6 13. a3 Bb7 14. Rd1 b5 15. Qd2 h5 16. Bf4 d6 17. Bxb5 axb5 18. Nxb5
Qa5 19. Nxd6+ Bxd6 20. Qxa5 Nxa5 21. Bxd6 Nxe4 22. Bc7 Nc4 23. Rd4 {
Bitter,L-Mohtaji,J/Paris 1993/EXT 97/1-0 (48)}) ({RR} 8... O-O 9. Qe2 d6 10.
Kh1 Nc6 11. Nxc6 bxc6 12. e5 dxe5 13. Bxf6 Bxf6 14. Ne4 Be7 15. Qh5 g6 16. Qh6
f5 17. Ng5 Bf6 18. Bc4 Qe7 19. h4 Rd8 20. Rad1 Rd4 21. Rxd4 Bxg5 22. hxg5 exd4
23. f4 {Todorov,M-Petrault,F/Paris 1993/EXT 97/ - (47)}) 9. Qf3 Nbd7 10. Qg3 b5
11. Be3 O-O 12. Bh6 Ne8 13. Bg5 Bxg5 14. Qxg5 Bb7 15. Rad1 Nef6 16. Rfe1 h6 17.
Qh4 Rac8 18. Bxb5 axb5 19. Ndxb5 Qb8 20. Nxd6 Rxc3 21. bxc3 Bc6 22. e5 Nd5 23.
Rb1 Qc7 24. Qd4 f5 25. c4 Ne7 26. Nb5 Qd8 27. Qd6 Be4 28. Red1 Bc6 29. Nd4 {
matar resigns} 1-0

[Event "ICS rated blitz match"]
[Site "204.178.125.65"]
[Date "1999.08.17"]
[Round "?"]
[White "matar"]
[Black "Hossa"]
[Result "0-1"]
[WhiteElo "2174"]
[BlackElo "2415"]
[PlyCount "48"]
[EventDate "1999.??.??"]

1. e4 e5 2. Nf3 Nc6 3. Bb5 a6 4. Ba4 b5 5. Bb3 Bc5 6. c3 Nf6 7. d4 exd4 8. cxd4
Bb4+ 9. Nc3 Nxe4 10. O-O Bxc3 11. bxc3 O-O 12. Re1 Nxc3 13. Qd3 Nxa2 14. Bc2 g6
15. Rxa2 Nb4 16. Qb3 c5 17. dxc5 Nxa2 18. Qxa2 Qc7 19. Bh6 Qxc5 20. Ng5 Bb7 21.
Bxf8 Qxg5 22. g3 Rxf8 23. Be4 Re8 24. f3 24... d5 {matar resigns} 0-1

[Event "ICS rated blitz match"]
[Site "204.178.125.65"]
[Date "1999.08.17"]
[Round "?"]
[White "Hossa"]
[Black "mkarp"]
[Result "1/2-1/2"]
[WhiteElo "2421"]
[BlackElo "2234"]
[PlyCount "123"]
[EventDate "1999.??.??"]

1. d4 Nf6 2. c4 g6 3. Nc3 Bg7 4. e4 d6 5. f3 O-O 6. Be3 Nc6 7. Rb1 e5 8. d5 Ne7
9. b4 Nh5 10. g4 Nf4 11. h4 f5 12. exf5 gxf5 13. g5 Nh5 14. Nge2 Ng6 15. Bg2 f4
16. Bf2 Ng3 17. Nxg3 fxg3 18. Bxg3 Nf4 19. Qd2 Bf5 20. Ne4 Bxe4 21. fxe4 Nxg2+
22. Qxg2 Qe8 23. h5 Qf7 24. Rb3 a5 25. bxa5 Rxa5 26. g6 hxg6 27. h6 Bf6 28.
Rxb7 Bg5 29. h7+ Kh8 30. Rb3 Rc5 31. Rc3 Rb8 32. Qc2 Bf4 33. Bf2 g5 34. Bxc5
dxc5 35. Rb3 Rf8 36. Qf2 g4 37. Qxc5 g3 38. a4 g2 39. Rg1 Bg3+ 40. Rxg3 Qf1+
41. Kd2 Rf2+ 42. Kc3 Qxg1 43. Rg8+ Kxh7 44. Qxc7+ Kxg8 45. Qc8+ Kg7 46. Qg4+
Kh6 47. Qh4+ Kg6 48. Qg4+ Kh6 49. Qh4+ Kg6 50. Qg4+ Kf7 51. Qh5+ Ke7 52. Qxe5+
Kf7 53. Qh5+ Kg7 54. Qg5+ Kf8 55. Qh6+ Ke8 56. Qe6+ Kf8 57. Qh6+ Kg8 58. Qg5+
Kh8 59. Qh6+ Kg8 60. Qg5+ Kh8 61. Qh6+ Kg8 62. Qg5+ {Game drawn by repetition}
1/2-1/2

[Event "ICS rated blitz match"]
[Site "204.178.125.65"]
[Date "1999.08.17"]
[Round "?"]
[White "mkarp"]
[Black "Hossa"]
[Result "0-1"]
[WhiteElo "2242"]
[BlackElo "2413"]
[PlyCount "80"]
[EventDate "1999.??.??"]

1. e4 e5 2. Nf3 Nc6 3. Bb5 a6 4. Bxc6 dxc6 5. O-O Bg4 6. h3 Bh5 7. d3 Qf6 8.
Nbd2 O-O-O 9. g4 Bg6 10. Qe2 Bd6 11. Nc4 Qe7 12. Ne3 f6 13. Nf5 Bxf5 14. gxf5
Qf7 15. Nh2 g6 16. fxg6 hxg6 17. Kg2 Qh7 18. Qf3 Kb8 19. Be3 Ka8 20. Rh1 f5 21.
Bg5 Rf8 22. Nf1 Be7 23. Bxe7 Qxe7 24. Ne3 Rh6 25. Kf1 fxe4 26. Qxe4 Rf4 27. Qg2
Qb4 28. Nc4 e4 29. a3 Qc5 30. Re1 Nf6 31. b3 exd3 32. cxd3 Qh5 33. Ne5 Nd5 34.
Rg1 Qf5 35. Re4 Rxh3 36. Nxg6 Rxe4 37. Qxe4 Qf6 38. Ne5 Rh4 39. Rg8+ Ka7 40.
Ng4 40... Qa1+ {mkarp resigns} 0-1